| 000 | 00926cam a22002654a 4500 | ||
|---|---|---|---|
| 003 | OSt | ||
| 005 | 20240304093549.0 | ||
| 008 | |||
| 020 | _a9780323414326 (paperback) | ||
| 040 |
_aNUST _cNUST _beng _dNUST _erda |
||
| 050 | _aREF R 121 MOS | ||
| 245 | 0 | 0 |
_aMosby's pocket dictionary of medicine, nursing and health professions / _c edited by Maries T. O'Toole. |
| 250 | _aEighth edition. | ||
| 260 |
_aSt. Louis : _bElsevier, _cc2017. |
||
| 300 |
_axvi, 1470 pages ; _c19 cm. |
||
| 336 |
_atext _btxt _2rdacontent |
||
| 337 |
_aunmediated _bn _2rdamedia |
||
| 338 |
_avolume _bn _2rdacarrier |
||
| 650 | 0 |
_aMedicine _vDictionaries. |
|
| 650 | 0 |
_aNursing _vDictionaries. |
|
| 650 | 0 |
_aHealth _vDictionaries. |
|
| 700 |
_aO'Toole, Mary T., _aeditor. |
||
| 907 |
_a.b10401659 _b01-03-22 _c29-04-21 |
||
| 942 |
_cREF _kREF R121 _m MOS _2lcc _eEighth Edition _hREF R121 MOS _n0 |
||
| 999 |
_c121746 _d121746 |
||